| 000 | 00730cab a22001935a 4500 | ||
|---|---|---|---|
| 001 | L148918 | ||
| 008 | 091130e20091024xxka f 000 0 eng d | ||
| 035 | _a(Sirsi) u148918 | ||
| 041 | 0 | _aeng | |
| 100 | 1 | _aDollar, Peta | |
| 245 | 0 | 0 | _aSide order of written terms |
| 260 | _c2009 | ||
| 490 |
_aEstates Gazette _v(0942) 24 October 2009, 172-173(3) |
||
| 520 | _aDiscusses side letters. Suggests that they are often ancillary to main documents, particularly leases. Explains that they can create problems for both senders and recipients if they are not drafted properly or if they are lost or overlooked. | ||
| 590 | _aKA | ||
| 651 | 4 |
_aEngland and Wales _y1543- |
|
| 690 | _aPROPERTY-LANDLORD AND TENANT-LEASES | ||
| 942 | _n0 | ||
| 999 |
_c82002 _d82002 |
||